Missing Word: Bridges Quiz Stats

 Plays Quiz Updated Nov 22, 2016

Challenge
Share
Tweet
Embed
Score 0/20 Timer 03:00
2 Plays Today
‘Bridge’ Term Missing Word % Correct
Golden ______ BridgeGate
95.9%
______ Bridge Is Falling DownLondon
95.7%
I'll ______ that bridge when I come to itcross
94.3%
Bridge the ______gap
90.5%
______ under the bridgeWater
86.1%
Bridge Over ______ WaterTroubled
85.6%
______ your bridgesBurn
83.1%
The Bridges of ______ CountyMadison
80.5%
The Bridge on the River ______Kwai
77.4%
A Bridge Too ______Far
76.9%
‘Bridge’ Term Missing Word % Correct
A bridge to ______nowhere
75.3%
Bridge______stone
56.9%
The 59th Street Bridge Song (Feelin' ______)Groovy
52.5%
Billie ______ McAllister jumped off the Tallahatchie BridgeJoe
52.2%
Bridge to ______Terabithia
43.1%
______ the BridgeUnder
40.3%
______ bridgeContract
21.7%
Like ______ the Forth Bridgepainting
14.1%
______ BridgeRainbow
12.8%
The Bridge ______ OutWashed
10.1%

Today's Daily Dose

You're not logged in!

Compare scores with friends on all Sporcle quizzes.
Join for Free
OR
Log In

You Might Also Like...

Show Comments

Extras

Top Quizzes Today


Score Distribution

Your Account Isn't Verified!

In order to create a playlist on Sporcle, you need to verify the email address you used during registration. Go to your Sporcle Settings to finish the process.

Report this User

Report this user for behavior that violates our Community Guidelines.

Details: